Normal view
MARC view
Entry Personal Name
001 - CONTROL NUMBER
- control field: 754868
003 - CONTROL NUMBER IDENTIFIER
- control field: OSt
005 - DATE AND TIME OF LATEST TRANSACTION
- control field: 20250506172945.0
008 - FIXED-LENGTH DATA ELEMENTS
- fixed length control field: 250506|| aca||aabn | a|a d
040 ## - CATALOGING SOURCE
- Original cataloging agency: OSt
- Transcribing agency: OSt
100 ## - HEADING--PERSONAL NAME
- Personal name: Freeman,Michael (Ed.)
670 ## - SOURCE DATA FOUND
- Source citation: Work cat.: (OSt)1312934: Freeman,Michael (Ed.), Law and Philosophy: current legal issues - vol 10, 2007
